000 00448nam a2200109 4500
999 _c10147
_d10147
008 180803b ||||| |||| 00| 0 eng d
100 _929947
_aEnriquez, Marge C.
245 _aIs Filipino cuisine an endangered heritage?:
_bHeirloom rice or dishes such as 'adobong Batangan'- today's lifestyle has left us ignorant of such fare/
_cMarge C. Enriquez
260 _aPhilippines
_bPhilippine Daily Inquirer
_cc2017
300 _apage D3.
942 _2ddc
_cPER